Nihon Kyōsantō ni kansuru shomondai,

Saved in:
Bibliographic Details
Main Author: Inoguchi, Masao, 1895-
Format: Book
Language:Japanese
Published: Tōkyō, Shinkō Shuppansha, 1956.
Subjects:
Tags: Add Tag
No Tags, Be the first to tag this record!
LEADER 00780nam a2200229u 4500
001 007743339-4
005 20024617115958.0
008 891221s1956 ja 000 0 jpn d
035 0 |a ocm20810994 
040 |a CLU  |c CLU  |d *YNH*  |d CStRLIN 
100 1 |6 880-01  |a Inoguchi, Masao,  |d 1895- 
245 1 0 |6 880-02  |a Nihon Kyōsantō ni kansuru shomondai,  |c Inoguchi Masao cho. 
260 |6 880-03  |a Tōkyō,  |b Shinkō Shuppansha,  |c 1956. 
300 |a 182 p.  |c 19 cm. 
500 |a Errata slip inserted. 
610 2 0 |6 880-04  |a Nihon Kyōsantō. 
880 1 |6 100-01  |a 井之口政雄,  |d 1895- 
880 1 0 |6 245-02  |a 日本共產党に関する諸問題,  |c 井之口政雄著. 
880 |6 260-03  |a 東京,  |b 新興出版社,  |c 1956. 
880 2 0 |6 610-04  |a 日本共產党. 
988 |a 20021214 
906 |0 OCLC